00940nam a22002057a 4500003000900000008004100009040007100050082002100121245018300142260010300325300006800428500004200496650002500538650001900563700002300582700003000605700001800635700003400653710004700687AR-CdUCM190405b ||||| |||| 00| 0 spa d aMUNICIPALIDAD PROVINCIAL DEL CUSCOcBIBLIOTECA MUNICIPAL DEL CUSCO a985.612/S10bS10 aSaqsaywaman /c[textos, Luis Enrique Tord, Uriel García Cáceres, Donato Amado ... [et al.] ; editor, Carlos Sánchez Paz ; presentación, Fernando Ruiz Caro Villagarcía]. aCusco :bCaja Municipal de Ahorros y Crédito Cusco,b Corporación Gráfica Color Graf,c2019. a205, [2] páginas. :bil. (principalmente col.) ;c25 x 31 cm. zIncluye referencias bibliográficas. aSacsahuamán, Sitio aAntigüedades aTord, Luis Enrique aGarcía Cáceres, Uriel aAmado, Donato aSánchez Paz, Carlos, editor aCaja Municipal de Ahorro y Crédito Cusco